[Event "GER-ch Seniors 65+ 30th"]
[Site "Hamburg"]
[Date "2018.07.24"]
[Round "4"]
[White "Raitza, Egon"]
[Black "Hottes, Dieter"]
[Result "0-1"]
[WhiteElo "1726"]
[BlackElo "2018"]
[PlyCount "96"]
[EventDate "2018.07.21"]
[EventType "swiss"]
[EventRounds "9"]
[EventCountry "GER"]
[SourceTitle "EXT 2020"]
[Source "ChessBase"]
[SourceDate "2019.10.17"]
[SourceVersion "1"]
[SourceVersionDate "2019.10.17"]
[SourceQuality "1"]

1. d4 Nf6 2. c4 g6 3. Nc3 Bg7 4. e4 d6 5. f3 0-0 6. Be3 Nfd7 7. Qd2 c5 8. Rd1 Nc6 9. dxc5 dxc5 10. Nge2 Re8 11. Nc1 Nd4 12. Nb3 e5 13. Nd5 b6 14. Bd3 Nf8 15. Nxd4 exd4 16. Bg5 f6 17. Bh4 Be6 18. 0-0 Nd7 19. Bg3 Rc8 20. Rde1 Ne5 21. Bxe5 fxe5 22. f4 Bh6 23. g3 Rf8 24. Qe2 Bxd5 25. exd5 exf4 26. Qe6+ Kh8 27. d6 Qf6 28. Qxf6+ Rxf6 29. d7 Rd8 30. Re8+ Rf8 31. Rxf8+ Bxf8 32. Rxf4 Kg7 33. Kg2 Rxd7 34. b3 Bd6 35. Re4 Kf7 36. Rh4 Ke8 37. Re4+ Kd8 38. Re6 Bf8 39. Re5 Kc7 40. Re6 Rf7 41. Re4 Bh6 42. Re1 Kb7 43. Re2 Be3 44. Be4+ Ka6 45. a3 Ka5 46. Bc6 Bc1 47. Rf2 Re7 48. a4 Kb4 0-1

[Event "Hessen-ch Seniors op 12th"]
[Site "Bad Sooden-Allendorf"]
[Date "2016.05.06"]
[Round "7"]
[White "Hottes, Dieter"]
[Black "Hanisch, Friedrich"]
[Result "0-1"]
[WhiteElo "2111"]
[BlackElo "2129"]
[PlyCount "64"]
[EventDate "2016.04.30"]
[EventType "swiss"]
[EventRounds "9"]
[EventCountry "GER"]
[SourceTitle "EXT 2019"]
[Source "ChessBase"]
[SourceDate "2018.10.10"]
[SourceVersion "1"]
[SourceVersionDate "2018.10.10"]
[SourceQuality "1"]

1. c4 c6 2. Nc3 d5 3. d4 e6 4. e3 Bd6 5. Bd3 f5 6. Qc2 Nf6 7. f3 0-0 8. Nge2 dxc4 9. Bxc4 Nd5 10. Bd2 Qe7 11. a3 Nd7 12. e4 Nxc3 13. Bxc3 fxe4 14. fxe4 Nb6 15. Bb3 Qh4+ 16. g3 Qh5 17. 0-0-0 Rf2 18. Rhe1 Bd7 19. Qd3 Rf3 20. Qd2 Rf2 21. Qe3 Raf8 22. e5 R8f3 23. Qe4 Be7 24. Kb1 Bg5 25. h4 Re3 26. Qh1 Rexe2 27. Rxe2 Qxe2 28. hxg5 Nd5 29. Bxd5 cxd5 30. Ka2 Bb5 31. Qe1 Bc4+ 32. Ka1 Qc2 0-1

[Event "Hessen-ch Seniors op 12th"]
[Site "Bad Sooden-Allendorf"]
[Date "2016.05.05"]
[Round "6"]
[White "Ljubarskij, Jurij"]
[Black "Hottes, Dieter"]
[Result "0-1"]
[WhiteElo "2212"]
[BlackElo "2111"]
[PlyCount "62"]
[EventDate "2016.04.30"]
[EventType "swiss"]
[EventRounds "9"]
[EventCountry "GER"]
[SourceTitle "EXT 2019"]
[Source "ChessBase"]
[SourceDate "2018.10.10"]
[SourceVersion "1"]
[SourceVersionDate "2018.10.10"]
[SourceQuality "1"]

1. e4 b6 2. d4 Bb7 3. Nc3 e6 4. Nf3 Bb4 5. Bd3 Nf6 6. Qe2 d5 7. exd5 Qxd5 8. Bd2 Bxc3 9. bxc3 Qh5 10. 0-0 Nbd7 11. Rfe1 0-0 12. Rab1 Rac8 13. a4 a5 14. Bb5 Rfd8 15. Qd1 Ne4 16. Re3 Nxd2 17. Qxd2 Qd5 18. Bd3 Nf6 19. c4 Qd7 20. c3 Bxf3 21. Rxf3 Qxa4 22. Qf4 Qd7 23. Rb5 a4 24. Qc1 Ra8 25. Qa3 Qd6 26. c5 bxc5 27. Rxc5 Nd7 28. Bxh7+ Kxh7 29. Rh5+ Kg8 30. Rfh3 Kf8 31. Qc1 Nf6 0-1

[Event "GER-chA Seniors 27th"]
[Site "Magdeburg"]
[Date "2015.08.20"]
[Round "6"]
[White "Hottes, Dieter"]
[Black "Gruzmann, Boris"]
[Result "0-1"]
[WhiteElo "2116"]
[BlackElo "2213"]
[PlyCount "114"]
[EventDate "2015.08.15"]
[EventType "swiss"]
[EventRounds "9"]
[EventCountry "GER"]
[SourceTitle "EXT 2018"]
[Source "ChessBase"]
[SourceDate "2017.10.13"]
[SourceVersion "1"]
[SourceVersionDate "2017.10.13"]
[SourceQuality "1"]

1. c4 g6 2. g3 Bg7 3. Bg2 e5 4. Nc3 Nc6 5. e3 d6 6. Nge2 Be6 7. b3 Qd7 8. Nd5 Nd8 9. Bb2 c6 10. Ndf4 Bf5 11. e4 Bg4 12. h3 Bxe2 13. Nxe2 Ne6 14. 0-0 c5 15. d3 Ne7 16. Qd2 0-0 17. h4 a5 18. Bh3 a4 19. Nc3 axb3 20. axb3 Nd4 21. Kg2 f5 22. Rxa8 Rxa8 23. Qd1 Qd8 24. Ne2 fxe4 25. dxe4 Ra2 26. Qb1 Qa8 27. Nc1 Ra6 28. Qd3 Nec6 29. f4 Bh6 30. Rf2 Qd8 31. Ne2 Qb6 32. fxe5 Nxe5 33. Bxd4 cxd4 34. Qd1 Be3 35. Rf1 Ra2 36. Kh1 Rd2 37. Qa1 Qd8 38. Nf4 Bxf4 39. Rxf4 Kg7 40. Qa7 Qe7 41. Bf1 h5 42. Qa1 Ng4 43. Qc1 Rf2 44. Kg1 Rxf4 45. Qxf4 Qc7 46. Be2 Ne5 47. Qd2 d3 48. Bd1 Qc5+ 49. Kg2 Qd4 50. Qf2 Qxe4+ 51. Bf3 Nxf3 52. Qxf3 Qd4 53. Qxb7+ Kf6 54. Qf3+ Ke5 55. Qf4+ Qxf4 56. gxf4+ Kd4 57. Kf2 Kc3 0-1

[Event "Hessen-ch Seniors op 11th"]
[Site "Bad Sooden-Allendorf"]
[Date "2015.05.17"]
[Round "9"]
[White "Schumacher, Gottfried"]
[Black "Hottes, Dieter"]
[Result "0-1"]
[WhiteElo "2246"]
[BlackElo "2100"]
[PlyCount "103"]
[EventDate "2015.05.09"]
[EventType "swiss"]
[EventRounds "9"]
[EventCountry "GER"]
[SourceTitle "EXT 2018"]
[Source "ChessBase"]
[SourceDate "2017.10.13"]
[SourceVersion "1"]
[SourceVersionDate "2017.10.13"]
[SourceQuality "1"]

1. d4 Nf6 2. c4 d6 3. g3 e5 4. dxe5 dxe5 5. Qxd8+ Kxd8 6. Nf3 Nbd7 7. Bg2 Bb4+ 8. Nbd2 h6 9. a3 Bd6 10. 0-0 Re8 11. Rd1 a5 12. b3 c6 13. Bb2 Kc7 14. Nf1 e4 15. Nd4 Be5 16. Ne3 Nc5 17. Rab1 g6 18. b4 Na6 19. c5 Bd7 20. Nc4 Bxd4 21. Bxd4 Nd5 22. Be5+ Kd8 23. Bxe4 axb4 24. Bxd5 cxd5 25. Rxd5 Ke7 26. axb4 Bb5 27. Nd6 Ke6 28. e4 Bc6 29. f4 Bxd5 30. exd5+ Kxd5 31. Rd1+ Ke6 32. Nxe8 Rxe8 33. Rd6+ Kf5 34. Rb6 Re7 35. Kf2 Ke4 36. Bd6 Rd7 37. Ke2 Kd5 38. Kd3 h5 39. Be5 Nxc5+ 40. bxc5 Kxc5+ 41. Bd4+ Rxd4+ 42. Ke3 Rd3+ 43. Kxd3 Kxb6 44. Kd4 Kc6 45. Ke5 Kd7 46. Kf6 Ke8 47. f5 b5 48. fxg6 fxg6 49. Ke5 Ke7 50. Kd5 Kf6 51. Kc5 Kf5 52. Kxb5 0-1

[Event "Hessen-ch Seniors op 10th"]
[Site "Bad Sooden-Allendorf"]
[Date "2014.05.02"]
[Round "7"]
[White "Schneider, Alexander"]
[Black "Hottes, Dieter"]
[Result "1/2-1/2"]
[WhiteElo "2015"]
[BlackElo "2188"]
[PlyCount "59"]
[EventDate "2014.04.26"]
[EventType "swiss"]
[EventRounds "9"]
[EventCountry "GER"]
[SourceTitle "EXT 2018"]
[Source "ChessBase"]
[SourceDate "2017.10.13"]
[SourceVersion "1"]
[SourceVersionDate "2017.10.13"]
[SourceQuality "1"]

1. d4 Nf6 2. c4 d6 3. Nc3 e5 4. dxe5 dxe5 5. Qxd8+ Kxd8 6. Nf3 Nfd7 7. b3 f6 8. Bb2 c6 9. 0-0-0 Kc7 10. g4 a5 11. g5 Nc5 12. h4 Bd6 13. Nd2 Bf5 14. Bh3 Bxh3 15. Rxh3 f5 16. Kc2 Ne6 17. Na4 Nd7 18. Nf1 Ndc5 19. Ba3 Ne4 20. c5 Be7 21. Re3 Nd4+ 22. Kc1 Rhe8 23. f3 Nf2 24. Rd2 Bf8 25. Nb6 Rad8 26. Nc4 Nb5 27. Bb2 e4 28. fxe4 Nxe4 29. Rxd8 Kxd8 30. Nxa5 1/2-1/2

[Event "Hessen-ch Seniors op 10th"]
[Site "Bad Sooden-Allendorf"]
[Date "2014.04.26"]
[Round "1"]
[White "Hottes, Dieter"]
[Black "Micheel, Peter"]
[Result "1/2-1/2"]
[WhiteElo "2188"]
[BlackElo "1881"]
[PlyCount "38"]
[EventDate "2014.04.26"]
[EventType "swiss"]
[EventRounds "9"]
[EventCountry "GER"]
[SourceTitle "EXT 2018"]
[Source "ChessBase"]
[SourceDate "2017.10.13"]
[SourceVersion "1"]
[SourceVersionDate "2017.10.13"]
[SourceQuality "1"]

1. c4 e5 2. b3 Nf6 3. Bb2 Nc6 4. g3 Be7 5. Bg2 d6 6. Nc3 0-0 7. d3 Be6 8. Nf3 Qd7 9. h3 Rab8 10. Ng5 Bf5 11. e4 Bg6 12. Nf3 h6 13. Qd2 a6 14. 0-0 Nd8 15. d4 exd4 16. Nxd4 Ne6 17. Rad1 Ng5 18. Nf5 Bxf5 19. exf5 Qxf5 1/2-1/2

[Event "Boeblinger op 30th"]
[Site "Boeblingen"]
[Date "2013.12.29"]
[Round "7"]
[White "Milov, Leonid"]
[Black "Hottes, Dieter"]
[Result "1-0"]
[WhiteElo "2525"]
[BlackElo "2206"]
[PlyCount "41"]
[EventDate "2013.12.26"]
[EventType "swiss"]
[EventRounds "9"]
[EventCountry "GER"]
[SourceTitle "CBM 158 Extra"]
[Source "ChessBase"]
[SourceDate "2014.02.28"]
[SourceVersion "1"]
[SourceVersionDate "2014.02.28"]
[SourceQuality "1"]

1. e4 b6 2. d4 Bb7 3. Bd3 Nf6 4. Qe2 e6 5. Nf3 d5 6. e5 Nfd7 7. c3 Be7 8. b4 c5 9. a3 a5 10. b5 a4 11. Nbd2 0-0 12. h4 f6 13. exf6 Rxf6 14. g4 Nf8 15. g5 Rf4 16. Nf1 Re4 17. Bxe4 dxe4 18. Ne5 cxd4 19. cxd4 Qxd4 20. Bb2 Qd8 21. Qh5 1-0

[Event "Hessen-ch Seniors op 09th"]
[Site "Bad Sooden-Allendorf"]
[Date "2013.04.22"]
[Round "3"]
[White "Kempen, Willi"]
[Black "Hottes, Dieter"]
[Result "0-1"]
[WhiteElo "2036"]
[BlackElo "2220"]
[PlyCount "30"]
[EventDate "2013.04.20"]
[EventType "swiss"]
[EventRounds "9"]
[EventCountry "GER"]
[SourceTitle "EXT 2019"]
[Source "ChessBase"]
[SourceDate "2018.10.10"]
[SourceVersion "1"]
[SourceVersionDate "2018.10.10"]
[SourceQuality "1"]

1. e4 e6 2. d4 b6 3. Nf3 Bb7 4. Bd3 c5 5. dxc5 bxc5 6. c4 Nc6 7. Nc3 d6 8. 0-0 Nf6 9. Bf4 Be7 10. Re1 0-0 11. Rc1 Nd7 12. b3 Nde5 13. Nxe5 dxe5 14. Bg3 Bg5 15. Ra1 Nb4 0-1

[Event "GER-ch Seniors"]
[Site "Dresden"]
[Date "2012.08.17"]
[Round "9"]
[White "Hottes, Dieter"]
[Black "Achenbach, Manfred"]
[Result "1-0"]
[WhiteElo "2186"]
[BlackElo "2128"]
[PlyCount "76"]
[EventDate "2012.08.09"]
[EventType "swiss"]
[EventRounds "9"]
[EventCountry "GER"]
[SourceTitle "EXT 2014"]
[Source "ChessBase"]
[SourceDate "2013.11.20"]
[SourceVersion "1"]
[SourceVersionDate "2013.11.20"]
[SourceQuality "1"]

1. d4 c5 2. d5 e5 3. e4 d6 4. Bb5+ Nd7 5. a4 a6 6. Bd3 Be7 7. Nf3 Nf8 8. Nc3 Ng6 9. Be3 Nf6 10. h3 h6 11. 0-0 Bd7 12. a5 0-0 13. Nd2 Nh7 14. Nc4 Bg5 15. Qd2 Bxh3 16. gxh3 Nf4 17. Ne2 Nxh3+ 18. Kg2 Qd7 19. f3 Bd8 20. Rh1 N7g5 21. Rh2 f5 22. exf5 Rxf5 23. Bxf5 Qxf5 24. Rf1 e4 25. f4 Qg4+ 26. Kh1 Nf3 27. Qd1 Nxh2 28. Kxh2 Qh4 29. Kg2 g5 30. f5 Bf6 31. Ng3 Nf4+ 32. Bxf4 gxf4 33. Nxe4 Bd4 34. Rh1 Qe7 35. Qg4+ Kf8 36. Kf3 b5 37. Ncxd6 Be5 38. Rxh6 Bg7 1-0

[Event "GER-ch Seniors"]
[Site "Dresden"]
[Date "2012.08.14"]
[Round "6"]
[White "Hottes, Dieter"]
[Black "Hess, Christian"]
[Result "0-1"]
[WhiteElo "2186"]
[BlackElo "2259"]
[PlyCount "61"]
[EventDate "2012.08.09"]
[EventType "swiss"]
[EventRounds "9"]
[EventCountry "GER"]
[SourceTitle "EXT 2014"]
[Source "ChessBase"]
[SourceDate "2013.11.20"]
[SourceVersion "1"]
[SourceVersionDate "2013.11.20"]
[SourceQuality "1"]

1. c4 c5 2. Nf3 Nc6 3. d4 cxd4 4. Nxd4 Qb6 5. Nc2 e6 6. Nc3 Nf6 7. e3 Be7 8. Be2 0-0 9. 0-0 a6 10. Rb1 d5 11. b4 dxc4 12. Bxc4 Rd8 13. Qe2 Ne5 14. Bb3 Qc7 15. Bd2 b5 16. a3 Bb7 17. Nd4 Nc4 18. Bc1 Rac8 19. f3 Qb6 20. Na4 Qa7 21. Nb2 Nd5 22. Nxc4 bxc4 23. Bc2 Nc3 24. Qf2 Nxb1 25. Bb3 Bf6 26. Qc2 g6 27. Ne2 c3 28. Nf4 Qb6 29. Kh1 Qb5 30. Re1 e5 31. Nh3 0-1

[Event "GER-ch Seniors"]
[Site "Dresden"]
[Date "2012.08.10"]
[Round "2"]
[White "Schumacher, Horst"]
[Black "Hottes, Dieter"]
[Result "0-1"]
[WhiteElo "2034"]
[BlackElo "2186"]
[PlyCount "77"]
[EventDate "2012.08.09"]
[EventType "swiss"]
[EventRounds "9"]
[EventCountry "GER"]
[SourceTitle "EXT 2014"]
[Source "ChessBase"]
[SourceDate "2013.11.20"]
[SourceVersion "1"]
[SourceVersionDate "2013.11.20"]
[SourceQuality "1"]

1. d4 Nf6 2. Nc3 d5 3. Bg5 Nbd7 4. Nf3 e6 5. e4 h6 6. Bxf6 Nxf6 7. e5 Ne4 8. Nd2 Nxd2 9. Qxd2 c5 10. Bb5+ Bd7 11. Bxd7+ Qxd7 12. Ne2 cxd4 13. Nxd4 Bc5 14. 0-0 0-0 15. Kh1 Bxd4 16. Qxd4 Rfc8 17. c3 Rc4 18. Qd2 Rac8 19. Rad1 b5 20. a3 a5 21. f4 b4 22. axb4 axb4 23. cxb4 Rc2 24. Qe3 Rxb2 25. f5 exf5 26. Qd4 Rcc2 27. Rg1 Qe7 28. Qxd5 Rxb4 29. Qd8+ Qxd8 30. Rxd8+ Kh7 31. Rd7 Re4 32. Rxf7 Kg6 33. Re7 Ree2 34. h3 f4 35. Rd1 Rxg2 36. Rdd7 Rh2+ 37. Kg1 f3 38. Rxg7+ Kh5 39. Rc7 0-1

[Event "GER-ch Seniors"]
[Site "Dresden"]
[Date "2012.08.09"]
[Round "1"]
[White "Hottes, Dieter"]
[Black "Schnaitmann, Herbert"]
[Result "1-0"]
[WhiteElo "2186"]
[BlackElo "2022"]
[PlyCount "65"]
[EventDate "2012.08.09"]
[EventType "swiss"]
[EventRounds "9"]
[EventCountry "GER"]
[SourceTitle "EXT 2014"]
[Source "ChessBase"]
[SourceDate "2013.11.20"]
[SourceVersion "1"]
[SourceVersionDate "2013.11.20"]
[SourceQuality "1"]

1. c4 Nc6 2. Nc3 Nf6 3. d4 d5 4. Nf3 e6 5. Bg5 Be7 6. e3 0-0 7. a3 h6 8. Bh4 a6 9. Qc2 Ne8 10. Bg3 Bf6 11. Rd1 Ne7 12. Bd3 dxc4 13. Bxc4 b5 14. Ba2 Bb7 15. e4 Ng6 16. e5 Nh4 17. d5 Nxf3+ 18. gxf3 Qe7 19. exf6 Qxf6 20. 0-0 Qxf3 21. Rfe1 Nf6 22. Re3 Qh5 23. Qe2 Qg6 24. Re5 Qg4 25. Qxg4 Nxg4 26. Ree1 exd5 27. Bxc7 Nf6 28. Be5 Ng4 29. Bd4 Rad8 30. f3 Nf6 31. Kf2 Nh5 32. Re7 Bc8 33. Be5 1-0